00578naa a2200181 450000500170000001000130001702000240003003500130005403700140006708200170008124500800009826000360017827000820021430000260029650000190032261000390034170000160038020080924111043.0 aB-453655 a8185026580c2250.00 aB-453655 bR.B.C/Ven a909.04924054 aIndia's jewish heritage :cedited by Shalva Weilbritual,art,& life-cycle / aMumbaibMarg Publicationsc2004 aNational Centre for the Performing Arts,24, Homi Mody Street,bMumbaye400001 a124p.c31cm.(Hb)bIll aIncludes index a International Labour Organisation aShalva Weil